01579nab a2200397 a 450000100060000000300080000600500170001400600190003100700150005000800410006502200140010603500210012004000260014105000250016708000140019208200180020610000270022422200260025124502350027724600870051226000730059930000150067231000140068736200390070153301640074054600510090465000130095565000150096865300130098365500320099670000290102871000190105774000270107685600610110399900170116485336FlNmELB20241217171402.0m o d | cr cn|||||||||200912r2005 mx |||||s|||||||||||spa d a0186-2979 a(OCoLC)955406055 aFlNmELBbspacFlNmELB 4aQP609.C37bO961 2005 a547.458.804a574.192542221 aOvando-Chacón, S. L. 0aUniversidad y ciencia10aPreparativos de celulasas comerciales y aplicaciones en procesos extractivosh[recurso electronico] =bCommercial cellulases preparations and their applications in extractives processes /cS. L. Ovando-Chacón, K. N. Waliszewski.31aCommercial cellulases preparations and their applications in extractives processes a[Villahermosa] :bUniversidad Juárez Autónoma de Tabasco,c2005. a111-120 p. aSemestral0 aVol. 21, Num. 42 (Diciembre 2005)- aRecurso electrónico. Santa Fe, Arg.: e-libro, 2015. Disponible vía World Wide Web. El acceso puede estar limitado para las bibliotecas afiliadas a e-libro. aArtículo en español ; resumen en inglés. 4aEnzimas. 4aCellulase. aCelulosa 4aArtículos electrónicos.1 aWaliszewski, K. N,eaut.2 ae-libro, Corp.02aUniversidad y ciencia.40uhttps://elibro.net/ereader/politecnicointernacional/7987 c85336d85336